000 01215nam0a22002771 4500
001 rc\380344
005 20250621043157.0
035 _a(NLR Aleph) 005574785
090 _a6049605
_c6049605
100 _a20030307d1989 |||y0rusy50 ca
101 0 _arus
102 _aRU
105 _aa |||||||||
200 1 _aОбщая характеристика элементов и конструкции летательных аппаратов
_eУчеб. пособие [для студентов ст. курсов]
_fГос. ком. СССР по нар. образованию, Моск. авиац. ин-т им. Серго Орджоникидзе
210 _aМ.
_cИзд-во МАИ
_d1989
215 _a139 с.
_cил.
_d20
320 _aБиблиогр.: с. 137-138
333 _aДСП. Экз. № 00001
700 1 _7ca
_8rus
_aНовиков
_bВ. Н.
_cканд. техн. наук, летат. аппараты
_f1930-
_gВладимир Николаевич
_9243955
_3RU\NLR\AUTH\770244011
701 1 _aВейтин
_bВ.Е.
_gВалерий Евгеньевич
801 0 _aRU
_bNLR
_gpsbo
801 1 _aRU
_bELAR
_2rusmarc
852 _aNLR
_j90-50К/3254
942 _cBOOK
980 _aNB